| 000 | 00324nam a22001337a 4500 | ||
|---|---|---|---|
| 020 | _a9788183423007 | ||
| 082 |
_a664 _bSIN/FO |
||
| 100 |
_aSinha,Poonam _91197 |
||
| 100 |
_aChopra,Bhavana _91198 |
||
| 245 | _aFood and Nutrition | ||
| 260 |
_aNew Delhi _bCrescent Publishing Corporation _c2014 |
||
| 300 | _a278 | ||
| 942 | _cBK | ||
| 999 |
_c14679 _d14679 |
||